00924nam a2200229 a 450000100100000000500170001000800410002704000250006804100390009308200180013210000300015024000410018024501020022126000440032330000210036753400640038865000490045265000450050104900090054695201220055599900170067700002285820200930021835.0101119s1968 mx 000 0 spa d aDO-SdBNPbspacBNPHU17aspaheng2Código de idiomas MARC a327.73bC635r1 aCleveland, Harlan.94697710aThe obligations of power.lEspañol10aResponsabilidad de las potencias :bla diplomacia en la búsqueda de la paz /cHarlan Cleveland. aMéxico, D. F. :bLimusa-Wiley,c1968. a240 p. ;c19 cm. aTítulo de la obra en inglés :tThe obligations of power 4aRelaciones exterioreszEstados Unidos946978 4aPolitica exteriorzEstados Unidos946979 aBNGR 001054708MOaGRbGRcCTd2010-11-22iLF1l0o327.73 C635rp22858-10r2020-06-25w2020-06-25y4ZPréstamo en sala c22355d22355